LEADER 01593nam 2200529Ia 450 001 9910450416503321 005 20200520144314.0 010 $a1-280-08499-5 010 $a9786610084999 035 $a(CKB)1000000000024251 035 $a(SSID)ssj0000087682 035 $a(PQKBManifestationID)11113071 035 $a(PQKBTitleCode)TC0000087682 035 $a(PQKBWorkID)10053690 035 $a(PQKB)11032425 035 $a(MiAaPQ)EBC3050751 035 $a(Au-PeEL)EBL3050751 035 $a(CaPaEBR)ebr10069601 035 $a(CaONFJC)MIL8499 035 $a(OCoLC)70773602 035 $a(EXLCZ)991000000000024251 100 $a20040624d2004 uy 0 101 0 $aeng 135 $aurcn||||||||| 181 $ctxt 182 $cc 183 $acr 200 10$aInternational financial reporting standards$b[electronic resource] $epractical guide /$fHennie van Greuning 210 $aWashington, D.C. $cWorld Bank$d2004 215 $ax, 296 p 300 $aRev. ed. of: International accounting standards. 2001. 311 $a0-8213-5910-X 606 $aAccounting$xStandards 606 $aFinancial statements$xStandards 608 $aElectronic books. 615 0$aAccounting$xStandards. 615 0$aFinancial statements$xStandards. 676 $a657/.02/18 700 $aGreuning$b Hennie van$0318500 701 $aGreuning$b Hennie van$0318500 801 0$bMiAaPQ 801 1$bMiAaPQ 801 2$bMiAaPQ 906 $aBOOK 912 $a9910450416503321 996 $aInternational financial reporting standards$9782748 997 $aUNINA LEADER 01205nas 2200409-a 450 001 996335762703316 005 20240413012213.0 035 $a(CKB)954921426645 035 $a(CONSER)---97652831- 035 $a(EXLCZ)99954921426645 100 $a19961113b19961996 --- a 101 0 $aeng 181 $ctxt$2rdacontent 182 $cc$2rdamedia 183 $acr$2rdacarrier 200 00$aFinancial consultant 210 $aNew York, NY $cInstitutional Investor, Inc.$dc1996- 215 $a1 online resource 300 $aTitle from cover. 311 08$aPrint version: Financial consultant. 1091-644X (DLC)---97652831- (OCoLC)35905898 517 1 $aFC 531 0 $aFin. consultant 606 $aFinancial planners$vPeriodicals 606 $aBrokers$vPeriodicals 606 $aBrokers$2fast$3(OCoLC)fst00839306 606 $aFinancial planners$2fast$3(OCoLC)fst00924719 608 $aPeriodicals.$2fast 615 0$aFinancial planners 615 0$aBrokers 615 7$aBrokers. 615 7$aFinancial planners. 676 $a332 906 $aJOURNAL 912 $a996335762703316 920 $aexl_impl conversion 996 $aFinancial consultant$92299824 997 $aUNISA